Statistics for NBA Players Europe Map Quiz

Click here to take the quiz!

General Stats

  • This quiz has been taken 131 times
  • The average score is 16 of 33

Answers on the Map

Answers color-coded by a green-red scale on the quiz's map according to % correct below.
 

Answer Stats

Answer% Correct
Giannis Antetokounmpo
79%
Dirk Nowitzki
75%
Pau Gasol
73%
Tony Parker
72%
Danilo Gallinari
63%
Kristaps Porziņģis
62%
Lauri Markkanen
62%
Luka Dončić
62%
Andreï Kirilenko
60%
Arvydas Sabonis
57%
Dražen Petrović
53%
Jusuf Nurkić
53%
Nikola Jokić
53%
Clint Capela
48%
Marcin Gortat
48%
Nikola Vučević
48%
Pétur Guðmundsson
48%
Jakob Pöltl
46%
Alex Len
45%
Tomáš Satoranský
43%
Gheorghe Mureșan
42%
Luol Deng
42%
Rik Smits
38%
Jonas Jerebko
36%
Martin Müürsepp
35%
Georgi Glouchkov
33%
Pero Antić
33%
Torgeir Bryn
30%
Richard Petruška
27%
Marty Conlon
26%
D.J. Mbenga
25%
Kornél Dávid
24%
Maalik Wayns
12%

Score Distribution

Percentile by Number Answered

Percent of People with Each Score

Your Score History

You have not taken this quiz